MARC

LEADER 00000cam a2200000 c 4500
001 278133525
003 DE-627
005 20251222213542.0
007 tu
008 990101s1995 ne ||||| b 00| ||eng c
010 |a  95000922  
016 7 |a 943183901  |2 DE-101 
020 |a 9789004322592  |c pbk.  |9 978-90-04-32259-2 
020 |a 9004102485  |9 90-04-10248-5 
024 3 |a 9789004102484 
035 |a (DE-627)278133525 
035 |a (DE-576)044531532 
035 |a (DE-599)GBV278133525 
035 |a (OCoLC)246537970 
035 |a (OCoLC)845004688 
035 |a (OCoLC)246537970 
040 |a DE-627  |b ger  |c DE-627  |e rakwb 
041 |a eng  |h cop 
044 |c XA-NL  |c XD-US  |c XA-DE 
050 0 |a BT1410 
082 0 |a 299/.932  |q LOC  |2 20 
084 |a 13  |a 12  |2 sdnb 
084 |a 6,21  |a 1  |2 ssgn 
084 |a 1  |2 ssgn 
084 |a BO 2035  |2 rvk  |0 (DE-625)rvk/14083: 
084 |a 11.14  |2 bkl 
084 |a 18.72  |2 bkl 
084 |a 17.98  |2 bkl 
100 1 |0 (DE-588)1046418513  |0 (DE-627)776397850  |0 (DE-576)166004413  |4 aut  |a Gardner, Iain  |d 1956- 
109 |a Gardner, Iain 1956- 
191 |a 1 
240 1 0 |a Kephalaia <engl.> 
245 1 4 |a The Kephalaia of the teacher  |b the edited Coptic Manichaean texts in translation with commentary  |c by Iain Gardner 
264 1 |a Leiden  |a Köln [u.a.]  |b Brill  |c 1995 
300 |a XLI, 307 S. 
336 |a Text  |b txt  |2 rdacontent 
337 |a ohne Hilfsmittel zu benutzen  |b n  |2 rdamedia 
338 |a Band  |b nc  |2 rdacarrier 
361 1 |5 DE-18-315  |y 1741221560  |s MK 8 14 Mani. Gar.1  |o Vorbesitz  |a Gardner, Iain  |0 (DE-588)1046418513  |0 (DE-627)776397850  |0 (DE-576)166004413  |f Einlage: Zettel  |z With Compliments Dr Iain Gardner Department of Religion and Philosophy 
361 1 |5 DE-18-315  |y 1741221560  |s MK 8 14 Mani. Gar.1  |o Vorbesitz  |a Worp, Klaas Anthony  |0 (DE-588)137831137  |0 (DE-627)596139438  |0 (DE-576)163623988 
361 1 |5 DE-18-315  |y 1741221560  |s MK 8 14 Mani. Gar.1  |o Zugang  |a Burgersdijk en Niermans (Leiden)  |0 (DE-588)16129056-5  |0 (DE-627)709954646  |0 (DE-576)340745061  |f Auktionsexemplar  |k 2016  |z Aus der Bibliothek von Prof. Dr. Klaas A. Worp, Papyrologie, Universität Leiden 
490 1 |a Nag Hammadi and Manichaean studies  |v 37 
500 |a Literaturangaben 
583 1 |a Archivierung/Langzeitarchivierung gewährleistet  |f SSG  |x XA-DE-BW  |2 pdager  |5 DE-21 
583 1 |a Archivierung/Langzeitarchivierung gewährleistet  |f SSG  |x XA-DE-BW  |2 pdager  |5 DE-16 
583 1 |a Archivierung prüfen  |c 20240324  |f DE-4165  |z 1  |2 pdager 
600 1 0 |a Mani  |d active 3rd century 
601 |a Translation 
650 0 |a Manichaeism  |x Early works to 1800 
650 0 7 |0 (DE-588)4021391-2  |0 (DE-627)104571888  |0 (DE-576)208937544  |a Gnosis  |2 gnd 
650 0 7 |0 (DE-588)4127861-6  |0 (DE-627)105721557  |0 (DE-576)209597178  |a Manichäismus  |2 gnd 
652 |a BF 
653 0 |a Manichaeism  |a Early works to 1800 
653 0 |a Mani  |a 3rd cent 
655 7 |a Bibliografie  |0 (DE-588)4006432-3  |0 (DE-627)104814519  |0 (DE-576)208865578  |2 gnd-content 
655 7 |a Quelle  |0 (DE-588)4135952-5  |0 (DE-627)105661236  |0 (DE-576)209665084  |2 gnd-content 
689 0 0 |d s  |0 (DE-588)4127861-6  |0 (DE-627)105721557  |0 (DE-576)209597178  |2 gnd  |a Manichäismus 
689 0 |5 DE-101 
689 1 0 |d u  |0 (DE-588)4373200-8  |0 (DE-627)184091195  |0 (DE-576)211753475  |a Mani  |2 gnd  |d 216-277  |t Kephalaia 
689 1 1 |d s  |0 (DE-588)4023287-6  |0 (DE-627)10457187X  |0 (DE-576)208948376  |2 gnd  |a Handschrift 
689 1 2 |d b  |0 (DE-588)26095-2  |0 (DE-627)100675948  |0 (DE-576)190296356  |2 gnd  |a Staatliche Museen zu Berlin 
689 1 |5 DE-101 
689 2 0 |d s  |0 (DE-588)4127861-6  |0 (DE-627)105721557  |0 (DE-576)209597178  |2 gnd  |a Manichäismus 
689 2 |5 (DE-627) 
689 3 0 |d u  |0 (DE-588)4373200-8  |0 (DE-627)184091195  |0 (DE-576)211753475  |a Mani  |2 gnd  |d 216-277  |t Kephalaia 
689 3 1 |d s  |0 (DE-588)4023287-6  |0 (DE-627)10457187X  |0 (DE-576)208948376  |2 gnd  |a Handschrift 
689 3 2 |d b  |0 (DE-588)26095-2  |0 (DE-627)100675948  |0 (DE-576)190296356  |2 gnd  |a Staatliche Museen zu Berlin 
689 3 3 |d s  |0 (DE-588)4021391-2  |0 (DE-627)104571888  |0 (DE-576)208937544  |2 gnd  |a Gnosis 
689 3 4 |d s  |0 (DE-588)4135952-5  |0 (DE-627)105661236  |0 (DE-576)209665084  |2 gnd  |a Quelle 
689 3 |5 (DE-627) 
689 4 0 |d u  |0 (DE-588)4373200-8  |0 (DE-627)184091195  |0 (DE-576)211753475  |a Mani  |2 gnd  |d 216-277  |t Kephalaia 
689 4 |5 (DE-627) 
689 5 0 |d s  |0 (DE-588)4120227-2  |0 (DE-627)105777986  |0 (DE-576)209533323  |2 gnd  |a Koptisch 
689 5 1 |d s  |0 (DE-588)4135952-5  |0 (DE-627)105661236  |0 (DE-576)209665084  |2 gnd  |a Quelle 
689 5 |5 (DE-627) 
700 1 2 |a Gardner, Iain  |d 1956-  |t Kephalaia <engl.> 
787 0 8 |i Rezensiert in  |a Betz, Hans Dieter, 1931 -   |t The Kephalaia of the Teacher: The Edited Coptic Manichaean Texts in Translation with Commentary. Iain Gardner  |d 1996  |w (DE-627)1811616062 
830 0 |a Nag Hammadi and Manichaean studies  |v 37  |9 37  |w (DE-627)182230112  |w (DE-576)038140128  |w (DE-600)1188508-7  |x 0929-2470  |7 am 
889 |w (DE-627)181625067 
935 |a mteo  |a BIIN 
935 |i mdedup 
935 |i Blocktest 
936 r v |a BO 2035  |b Gnostica  |k Theologie und Religionswissenschaften  |k Patrologie und Kirchengeschichte  |k Kirchengeschichte nach Perioden  |k Alte Kirchengeschichte und Patrologie  |k Quellen:  |k Gnostica  |0 (DE-627)1270744380  |0 (DE-625)rvk/14083:  |0 (DE-576)200744380 
936 b k |a 11.14  |j Persische Religion  |0 (DE-627)106404121 
936 b k |a 18.72  |j Ägyptische Sprache und Literatur  |0 (DE-627)106423193 
936 b k |a 17.98  |j Textsammlungen  |0 (DE-627)106404547 
951 |a BO 
BIB |a 1 
ELC |b 1 
ITA |a 1  |t 1 
LOK |0 000 xxxxxcx a22 zn 4500 
LOK |0 001 3300093872 
LOK |0 003 DE-627 
LOK |0 004 278133525 
LOK |0 005 20010116000000 
LOK |0 008 950428||||||||||||||||ger||||||| 
LOK |0 040   |a DE-21  |c DE-627  |d DE-21 
LOK |0 852   |a DE-21 
LOK |0 852 1  |c 35 A 8084  |9 00 
LOK |0 935   |a theo 
LOK |0 936ln  |a t3.1 
LOK |0 939   |a 28-04-95  |b l01 
LOK |0 000 xxxxxcx a22 zn 4500 
LOK |0 001 3300093945 
LOK |0 003 DE-627 
LOK |0 004 278133525 
LOK |0 005 20091123132904 
LOK |0 008 950706||||||||||||||||ger||||||| 
LOK |0 040   |a DE-21-31  |c DE-627  |d DE-21-31 
LOK |0 541   |e 921/92 
LOK |0 852   |a DE-21-31 
LOK |0 852 1  |c Do V 44-37  |m p  |9 00 
LOK |0 938   |k p 
LOK |0 939   |a 06-07-95  |b l01 
LOK |0 000 xxxxxcx a22 zn 4500 
LOK |0 001 3300094585 
LOK |0 003 DE-627 
LOK |0 004 278133525 
LOK |0 005 20190311234405 
LOK |0 008 190311||||||||||||||||ger||||||| 
LOK |0 035   |a (DE-Tue135-1)67310 
LOK |0 040   |a DE-Tue135-1  |c DE-627  |d DE-Tue135-1 
LOK |0 852   |a DE-Tue135-1 
LOK |0 852 1  |c FTHNT030442  |m p  |9 00 
LOK |0 852 2  |b R 27  |9 00 
LOK |0 935   |a iMON 
LOK |0 936ln  |0 1442043415  |a BF 
LOK |0 938   |k p 
LOK |0 939   |a 11-03-19  |b l12 
ORI |a SA-MARC-ixtheoa001.raw 
REL |a 1 
STA 0 0 |a Coptic language,Gnosis,Gnosis,Gnosticism,Handwriting,Manuscript,Script,Manichaeism,Manichaeans,Mani,Spring,Spring,Source,Sources 
STB 0 0 |a Copte,Gnosticisme,Gnosticisme,Gnose,Gnose,Gnose,Gnose (motif),Gnose,Manichéisme,Source,Source,Source,Sources,Écriture,Manuscrit 
STC 0 0 |a Copta,Fuente,Fuente,Fuente,Gnosis,Gnosis,Grafía,Manuscrito,Maniqueísmo 
STD 0 0 |a Copto,Gnosi,Gnosi,Grafia,Manoscritto,Manicheismo,Sorgente,Sorgente,Fonte 
STE 0 0 |a 摩尼教,明教,牟尼教,泉,泉,来源,出处,泉源,泉源,笔迹,手抄本,手稿,诺斯底主义,灵知派,灵智派 
STF 0 0 |a 摩尼教,明教,牟尼教,泉,泉,來源,出處,泉源,泉源,科普特语,筆跡,手抄本,手稿,諾斯底主義,靈知派,靈智派 
STG 0 0 |a Copta,Fonte,Fonte,Fonte,Gnose,Gnose,Grafia,Manuscrito,Maniqueísmo 
STH 0 0 |a Гностицизм (мотив),Гностицизм,Источник (гидрология, мотив),Источник (гидрология),Источник,Коптский (язык),Манихейство,Почерк,Рукопись 
STI 0 0 |a Γνώση (μοτίβο),Γνώση,Γραφικός χαρακτήρας (γραφολογία),Χειρόγραφο,Κοπτική γλώσσα,Μανιχαϊσμός,Πηγή (υδρολογία, μοτίβο),Πηγή (υδρολογία),Πηγή 
SUB |a BIB  |a REL 
SYE 0 0 |a Gnostizismus 
SYG 0 0 |a Mani,216-277,Kephalaia des Lehrers,Mani,216-277,Kifālāyā,Mani,216-277,Kephalaia 1940 , Buchhandschrift,Handschriften , SMB,Staatliche Museen zu Berlin Preußischer Kulturbesitz,SMPK,Staatliche Museen Berlin,State Museums of Berlin Prussian Cultural Property,State Museums Berlin,Museos Estatales Berlin,Musées d'État Berlin,Gosudarstvennye Muzeev Berlin,Stiftung Preußischer Kulturbesitz,Staatliche Museen zu Berlin,State Museums,National Museums,Musées Nationaux,Musei di Stato,Gosudarstvennye Muzei,Ehemals Staatliche Museen,Ehem. Staatliche Museen,Staatliche Museen Preußischer Kulturbesitz,SMPK,Staatliche Museen Preußischer Kulturbesitz, Berlin,Staatliche Museen Preußischer Kulturbesitz,SMPK - Staatliche Museen Preußischer Kulturbesitz,SMPK - Staatliche Museen Preußischer Kulturbesitz, Berlin , Mani,216-277,Kephalaia des Lehrers,Mani,216-277,Kifālāyā,Mani,216-277,Kephalaia 1940 , Buchhandschrift,Handschriften , SMB,Staatliche Museen zu Berlin Preußischer Kulturbesitz,SMPK,Staatliche Museen Berlin,State Museums of Berlin Prussian Cultural Property,State Museums Berlin,Museos Estatales Berlin,Musées d'État Berlin,Gosudarstvennye Muzeev Berlin,Stiftung Preußischer Kulturbesitz,Staatliche Museen zu Berlin,State Museums,National Museums,Musées Nationaux,Musei di Stato,Gosudarstvennye Muzei,Ehemals Staatliche Museen,Ehem. Staatliche Museen,Staatliche Museen Preußischer Kulturbesitz,SMPK,Staatliche Museen Preußischer Kulturbesitz, Berlin,Staatliche Museen Preußischer Kulturbesitz,SMPK - Staatliche Museen Preußischer Kulturbesitz,SMPK - Staatliche Museen Preußischer Kulturbesitz, Berlin , Gnostizismus , Quellen,Akten,Augenzeugenbericht,Texte,Historische Quelle,Geschichtsquelle,Quellensammlung,Quellen , Mani,216-277,Kephalaia des Lehrers,Mani,216-277,Kifālāyā,Mani,216-277,Kephalaia 1940 , Quellen,Akten,Augenzeugenbericht,Texte,Historische Quelle,Geschichtsquelle,Quellensammlung,Quellen 
TIM |a 100019180101_100019451231  |b 1918 - 1945